000 00457nam a22001697a 4500
005 20251108172218.0
008 250721s1986 xx 000 0 ara d
082 1 4 _a646.4/مبا
245 1 0 _aمبادىء الحياكة /
264 1 _aالرياض :
_bمؤسسة الديار للنشر،
_c1986.
300 _a35ص
490 0 _aدليلك سيدتي
650 1 7 _aالخياطة
650 1 7 _aالملابس
942 _2ddc
_cBK
999 _c73274
_d73274